ESG kockázatok és zöld finanszírozás a kereskedelmi bankok fenntarthatósági stratégiáiban Szabályozási kihívások és innovációk

Bibliográfiai részletek
Szerző: Pocsai Erzsébet
Dokumentumtípus: Könyv része
Megjelent: Budapesti Gazdaságtudományi Egyetem 2025
Sorozat:Szemelvények a BGE kutatásaiból 2024
Tárgyszavak:
doi:10.29180/978-615-6886-21-7_16

Kulcsszavak:ESG kockázatok
fenntartható pénzügyek
zöld finanszírozás
pénzügyi szabályozás
Online Access:http://publikaciotar.uni-bge.hu/2579

MARC

LEADER 00000naa a2200000 i 4500
001 publ2579
005 20251125134720.0
008 251125s2025 hu o 000 zxx d
020 |a 978-615-6886-21-7 
024 |a 10.29180/978-615-6886-21-7_16  |2 doi 
040 |a BGE Publikációtár Repozitórium  |b hun 
100 1 |a Pocsai Erzsébet 
245 1 0 |a ESG kockázatok és zöld finanszírozás a kereskedelmi bankok fenntarthatósági stratégiáiban  |b Szabályozási kihívások és innovációk  |c Pocsai Erzsébet  |h [elektronikus dokumentum] 
260 |a Budapesti Gazdaságtudományi Egyetem  |c 2025 
300 |a 152-159 
490 0 |a Szemelvények a BGE kutatásaiból 2024 
520 3 |a A tanulmány a kereskedelmi bankok előtt álló ESG (Environmental (környezeti), Social (társadalmi) és Governance (irányítási)) kockázatokkal kapcsolatos kihívásokat vizsgálja, különösen a fenntarthatóság szempontjából. A kutatás központi kérdése az, hogyan hatnak a globális kockázatok, mint például az éghajlatváltozás, a társadalmi egyenlőtlenségek és a geopolitikai változások a banki stratégiákra és működésre. A cikk részletesen tárgyalja az EU (Európai Unió) szigorodó szabályozási környezetének, mint például az EU új vállalati fenntarthatósági jelentésről szóló irányelve (Corporate Sustainability Reporting Directive – CSRD) és a Tőkekövetelmény Rendelet (Capital Requirements Regulation - CRR) változásainak hatását, különös tekintettel a magyarországi kereskedelmi bankokra. A kutatási kérdés vizsgálatához gyakorlati példákon keresztül mutatja be a zöld pénzügyi eszközök és az ESG innovációk hogyan jelennek meg egy-egy bank portfóliójában, amelyek hozzájárulnak a bankok fenntarthatósági céljainak eléréséhez. Az ESG kockázatok hatékony kezelése nélkülözhetetlen a pénzügyi szektor hosszú távú versenyképességének fenntartásához és a fenntartható gazdasági fejlődés támogatásához. 
650 4 |a közgazdaságtudományok 
695 |a ESG kockázatok 
695 |a fenntartható pénzügyek 
695 |a zöld finanszírozás 
695 |a pénzügyi szabályozás 
856 4 0 |u https://publikaciotar.uni-bge.hu/id/eprint/2579/1/BGE%20Szemelv%C3%A9nyek%202024%20III.%20k%C3%B6tet_16.pdf  |z Dokumentum-elérés